Drug-facilitated sexual assault (DFSA): An emerging crime in India (Record no. 526160)
[ view plain ]
| 000 -LEADER | |
|---|---|
| fixed length control field | 01129nam a22001457a 4500 |
| 008 - FIXED-LENGTH DATA ELEMENTS--GENERAL INFORMATION | |
| fixed length control field | 240514b ||||| |||| 00| 0 eng d |
| 100 ## - MAIN ENTRY--PERSONAL NAME | |
| Personal name | Thakur, D., Dubey, N.P. and Singh, R. |
| 245 ## - TITLE STATEMENT | |
| Title | Drug-facilitated sexual assault (DFSA): An emerging crime in India |
| 260 ## - PUBLICATION, DISTRIBUTION, ETC. (IMPRINT) | |
| Place of publication, distribution, etc | Indian Police Journal |
| 300 ## - PHYSICAL DESCRIPTION | |
| Extent | 69(4), Oct-Dec, 2024: p.51-58 |
| 520 ## - SUMMARY, ETC. | |
| Summary, etc | DFSA is the major crime among DFC or crimes against women in India. For several reasons described in this review, this offense has been overshadowed. Despite this, forensic science laboratories and social media report many instances. This article is structured to develop essential awareness of the crime and its pattern by identifying the ignorance concerning this risky scenario. The comprehensive strategy to removing the threat has received particular attention. Dissemination of the shortfalls and viable solutions in the scientific community can aid in eradicating the menace through collaborative efforts. Reproduced https://bprd.nic.in/uploads/pdf/October-December_2022.pdf |
| 773 ## - HOST ITEM ENTRY | |
| Main entry heading | Indian Police Journal |
| 906 ## - LOCAL DATA ELEMENT F, LDF (RLIN) | |
| Subject DIP | CRIMES |
| 942 ## - ADDED ENTRY ELEMENTS (KOHA) | |
| Item type | Articles |
| Withdrawn status | Lost status | Source of classification or shelving scheme | Damaged status | Not for loan | Permanent location | Current location | Date acquired | Serial Enumeration / chronology | Barcode | Date last seen | Koha item type |
|---|---|---|---|---|---|---|---|---|---|---|---|
| Indian Institute of Public Administration | Indian Institute of Public Administration | 2024-05-14 | 69(4), Oct-Dec, 2024: p.51-58 | AR131907 | 2024-05-14 | Articles |
